Taste

Bibliographic Details
Main Author: Rita, Anne
Format: Book
Published: Kuala Lumpur : Sunrise Publisher , 2004
Series:Explore science
Subjects:

MARC

LEADER 00000cam a2200000 7i4500
001 0000001031
005 20220105103917.0
008 070704
020 |a 9831281136 
090 0 0 |a JP   |b SC ENG (978) 
100 0 |a Rita, Anne 
245 1 0 |a Taste   |c Anne Rita 
260 |a Kuala Lumpur :   |b Sunrise Publisher ,   |c 2004 
440 |a Explore science 
500 |a Children age 4-6 years old (yellow) 
650 0 |a Science fiction, Malay 
999 |a 0000899207   |b Book   |c Children Collection   |e Cawangan Pontian 
999 |a 0000954739   |b Book   |c Children Collection   |e Perbadanan Perpustakaan Awam Johor 
999 |a 0000954740   |b Book   |c Children Collection   |e Perbadanan Perpustakaan Awam Johor 
999 |a 0000954741   |b Book   |c Children Collection   |e Cawangan Taman Universiti 
999 |a 0000954742   |b Book   |c Children Collection   |e Cawangan Kota Tinggi 
999 |a 0000954743   |b Book   |c Children Collection   |e Cawangan Tangkak 
999 |a 0000986926   |b Book   |c Children Collection   |e Cawangan Taman Universiti 
999 |a 0001076545   |b Book   |c Children Collection   |e Cawangan Tmn. Ungku Tun Aminah 
999 |a 0001076828   |b Book   |c Children Collection   |e Cawangan Taman Universiti 
999 |a 0001076839   |b Book   |c Children Collection   |e Cawangan Batu Pahat 
999 |a 0001147377   |b Book   |c Children Collection   |e Cawangan Tangkak 
999 |a 0001147378   |b Book   |c Children Collection   |e Cawangan Bukit Gambir 
999 |a 000899211   |b Book   |c Children Collection   |e Cawangan Batu Pahat 
999 |a 000899212   |b Book   |c Children Collection   |e Cawangan Batu Pahat